000 00412pab a2200157 454500
008 180718b2012 xxu||||| |||| 00| 0 eng d
100 _aThounaojam, Swar
245 _aA preface to racial discourse in India: Northeast and mainland
260 _c2012
300 _ap.10-13.
362 _a11 Aug
650 _aRacial discrimination
773 _aEconomic and Political Weekly
908 _aN
909 _a97463
999 _c97463
_d97463